MARC details
| 000 -CABECERA |
| campo de control de longitud fija |
02927cab a2200337 ab4500 |
| 005 - FECHA Y HORA DE LA ÚLTIMA TRANSACCIÓN |
| campo de control |
20241119125059.0 |
| 008 - ELEMENTOS DE LONGITUD FIJA--INFORMACIÓN GENERAL |
| campo de control de longitud fija |
991125c2016 ck fr p o 000 0 spa d |
| 035 ## - NÚMERO DE CONTROL DEL SISTEMA |
| Número de control de sistema |
UPN01000229087 |
| 040 ## - FUENTE DE LA CATALOGACIÓN |
| Centro catalogador/agencia de origen |
MX-MxUPN |
| Lengua de catalogación |
spa |
| Centro/agencia transcriptor |
MX-MxUPN |
| Normas de descripción |
aacr2 |
| 049 ## - COLECCIÓN |
| Colección |
ART-E |
| 100 1# - ASIENTO PRINCIPAL--NOMBRE PERSONAL |
| Nombre de persona |
López Rivas, Oscar Hugo |
| Enlace |
- ohlvi@yahoo.es |
| 100 1# - ASIENTO PRINCIPAL--NOMBRE PERSONAL |
| Nombre de persona |
Rodríguez, Humberto |
| 245 10 - MENCIÓN DE TÍTULO |
| Título |
Nelda Graciela Arzú Ramírez (1964…) : |
| Resto del título |
maestra garífuna identificada con su pueblo y su cultura |
| 300 ## - DESCRIPCIÓN FÍSICA |
| Extensión |
223-242 |
| 336 ## - TIPO DE CONTENIDO |
| Término de tipo de contenido |
texto$2rdacontent |
| 337 ## - TIPO DE MEDIO |
| Nombre/término del tipo de medio |
computadora$2rdamedia |
| 338 ## - TIPO DE SOPORTE |
| Nombre/término del tipo de soporte |
recurso en linea$2rdacarrier |
| 362 0# - FECHAS DE PUBLICACIÓN Y/O DESIGNACIÓN SECUENCIAL |
| Fecha de publicación y/o designación secuencial |
2016, Vol. 18, no. 27 |
| 520 3# - NOTA DE RESUMEN, ETC. |
| Sumario, etc. |
Se presenta la fructífera vida profesional de una maestra que, identificada con la historia de su pueblo y cultura, realiza esfuerzos para su promoción y desarrollo, superando cualquier dificultad en su trayectoria y estableciendo vínculos entre el ejercicio de su profesión y su comunidad. Los esfuerzos de Nelda por conseguir una profesión, le llevaron a elegir, entre las escasas opciones que existían en su municipio, la carrera de maestra; maestra por vocación, para servir a su cultura, que le dio los conceptos y los marcos referenciales para la interpretación de su mundo: la cultura Garífuna. El trabajo surgió en el marco del proyecto de investigación titulado Maestras Africanas y Afrodescendientes en Colombia, Brasil, Guatemala, Venezuela, Guinea Ecuatorial, siglo XX a XXI, liderado por el grupo de investigacion HISULA – UPTC, en una línea de investigación sobre Educadores Latinoamericanos. Se aplicó el método historia de vida, de enfoque cualitativo, llevando a cabo diversas entrevistas a Nelda, personas que le conocen y a familiares. Se realizaron visitas de campo, se conocieron las impresiones sobre su desempeño por parte de las personas que le han conocido. Esta investigación se realizó en el municipio de Puerto Barrios, departamento de Izabal, Guatemala, bajo la coordinación técnica y financiamiento de la Escuela de Formación de Profesores de Enseñanza Media, de la Universidad de San Carlos de Guatemala. Como integrante del pueblo Garífuna, la maestra Nelda ha tenido una proyección sobresaliente influyendo, desde su cosmovisión y como docente, en la vida cultural, política y social de la comunidad, al promover una educación más acorde a la realidad idiomática y cultural de su pueblo. |
| 541 ## - NOTA DE FUENTE DE ADQUISICIÓN DIRECTA |
| Fuente de adquisición |
Acceso gratuito |
| 653 0# - TERMINO DE INDIZACION - NO CONTROLADO |
| Término no controlado |
HISTORIA DE LA EDUCACION |
| 653 0# - TERMINO DE INDIZACION - NO CONTROLADO |
| Término no controlado |
MUJERES DOCENTES |
| 653 0# - TERMINO DE INDIZACION - NO CONTROLADO |
| Término no controlado |
AFRODESCENDIENTES |
| 653 0# - TERMINO DE INDIZACION - NO CONTROLADO |
| Término no controlado |
BIOGRAFIAS |
| 773 ## - ENLACE AL DOCUMENTO FUENTE/ENTRADA DE REGISTRO ANFITRIÓN |
| Parte(s) relacionada(s) |
Vol. 18, no. 27 (2016), p. 223–242 |
| Título |
Revista historia de la educación latinoamericana |
| Número Internacional Normalizado para Publicaciones Seriadas |
2256-5248 |
| 856 4# - LOCALIZACIÓN Y ACCESO ELECTRÓNICOS |
| Identificador Uniforme del Recurso |
<a href="https://revistas.uptc.edu.co/index.php/historia_educacion_latinamerican/article/view/5530">https://revistas.uptc.edu.co/index.php/historia_educacion_latinamerican/article/view/5530</a> |
| 856 4# - LOCALIZACIÓN Y ACCESO ELECTRÓNICOS |
| Identificador Uniforme del Recurso |
<a href="https://doi.org/10.19053/01227238.5530">https://doi.org/10.19053/01227238.5530</a> |
| 902 ## - ELEMENTOS DE DATOS B LOCAL, LDB (RLIN) |
| Creó |
Leonor Sotres/191124 |
| 905 ## - TIPO DE MATERIAL |
| Tipo de material |
Articulo |
| 942 ## - ELEMENTOS DE PUNTO DE ACCESO ADICIONAL (KOHA) |
| Tipo de ítem Koha |
Artículo Electrónico |